| 000 | 00508nam a2200193 a 4500 | ||
|---|---|---|---|
| 003 | MO | ||
| 005 | 20170315142325.0 | ||
| 008 | 110826s19uu xx 00 eng d | ||
| 020 | _a0590003275 | ||
| 050 |
_aTR _bV19 1998 |
||
| 100 | _aVail, Rachel. | ||
| 245 |
_aPlease, please, please / _cRachel Vail. |
||
| 260 |
_aNew York : _bScholastic, _cc1998. |
||
| 440 | _aThe friendship ring | ||
| 650 |
_aIdentity _xFiction. |
||
| 650 |
_aMothers and daughters _xFiction. |
||
| 942 |
_2ddc _cBK |
||
| 999 |
_c114889 _d114889 |
||